Santander en Europa / (Registro nro. 4014)

000 -CABECERA
campo de control de longitud fija 01075nam a2200277 u 4500
001 - NÚMERO DE CONTROL
campo de control 000054433
005 - FECHA Y HORA DE LA ÚLTIMA TRANSACCIÓN
campo de control 20200120222840.0
008 - DATOS DE LONGITUD FIJA--INFORMACIÓN GENERAL
campo de control de longitud fija 130524s1989 ck gr 000 0dspa d
020 ## - NÚMERO INTERNACIONAL ESTÁNDAR DEL LIBRO
Número Internacional Estándar del Libro 9586430006
041 0# - CÓDIGO DE LENGUA
Código de lengua del texto/banda sonora o título independiente -spa
043 ## - CÓDIGO DE ÁREA GEOGRÁFICA
Código de área geográfica s-ck---
082 04 - NÚMERO DE LA CLASIFICACIÓN DECIMAL DEWEY
Número de clasificación 923.2
Número de documento/Ítem S15
Número de edición 21
100 1# - ENTRADA PRINCIPAL--NOMBRE DE PERSONA
Nombre de persona Santander, Francisco de Paula,
Fechas asociadas al nombre 1792-1840
245 10 - MENCIÓN DE TÍTULO
Título Santander en Europa /
Mención de responsabilidad, etc. Francisco de Paula Santander ; prólogo de Virgilio Barco Vargas ... [et al.].
250 ## - MENCIÓN DE EDICIÓN
Mención de edición 2a. ed.
260 ## - PUBLICACIÓN, DISTRIBUCIÓN, ETC.
Lugar de publicación, distribución, etc. Bogotá :
Nombre del editor, distribuidor, etc. Fundación Francisco de Paula Santander,
Fecha de publicación, distribución, etc. 1989.
300 ## - DESCRIPCIÓN FÍSICA
Extensión v.
490 0# - MENCIÓN DE SERIE
Mención de serie Biblioteca de la Presidencia de la República.
-- Colección documentos
500 ## - NOTA GENERAL
Nota general Ej.1 de Biblioteca Mosquera corresponde a la colección de la Casa de la Cultura
505 1# - NOTA DE CONTENIDO CON FORMATO
Información miscelánea v.1 :
Título Diario de viaje: 1829-1830
600 14 - PUNTO DE ACCESO ADICIONAL DE MATERIA--NOMBRE DE PERSONA
Nombre de persona Santander, Francisco de Paula,
Fechas asociadas al nombre 1792-1840
Subdivisión general Correspondencia, memorias, etc.
650 14 - PUNTO DE ACCESO ADICIONAL DE MATERIA--TÉRMINO DE MATERIA
Término de materia o nombre geográfico como elemento de entrada Bibliografía
Subdivisión cronológica 1972
Subdivisión de forma Anuraios
654 #4 - PUNTO DE ACCESO ADICIONAL DE MATERIA--TÉRMINOS DE MATERIA FACETADOS
Término principal Colombia
Subdivisión general Historia
Subdivisión cronológica 1829-1832
651 #4 - PUNTO DE ACCESO ADICIONAL DE MATERIA--NOMBRE GEOGRÁFICO
Nombre geográfico Europa
Subdivisión general Descripciones y viajes
700 1# - PUNTO DE ACCESO ADICIONAL--NOMBRE DE PERSONA
Nombre de persona Barco Vargas, Virgilio
Fechas asociadas al nombre 1921-1997
Término indicativo de función/relación pról.
Existencias
Estado de retiro Estado de pérdida Fuente del sistema de clasificación o colocación Estado dañado No para préstamo Código de colección Localización permanente Ubicación/localización actual Fecha de adquisición Número de inventario Total de préstamos Signatura topográfica completa Código de barras Fecha visto por última vez Número de copia Precio válido a partir de Tipo de ítem Koha Nota pública
          Colección General Biblioteca Pública San Juan Bosco Biblioteca Pública San Juan Bosco 20/01/2020 108540   923.2 S15 MOS003245 20/01/2020 v.1 ej.1 20/01/2020 Libro Ocho días

© Todos los derechos reservados para la Biblioteca Pública Municipal San Juan Bosco, 2020
Secretaria de Cultura de Mosquera
Carrera 3 N° 10 Esquina Centro Cultural Barrio El Carmén Teléfono: 8270830 Ext: 34
Funcionando con KOHA
Contacto: Biblioteca Pública Municipal San Juan Bosco/ bibliotecasanjuanbosco@mosquera-cundinamarca.gov.co
Mosquera, Cundinamarca